Estilos de pensamiento: claves para identificar nuestro modo de pensar y enriquecer nuestra capacidad de reflexión

Gespeichert in:
Bibliographische Detailangaben
1. Verfasser: Sternberg, Robert J (VerfasserIn)
Format: Buch
Sprache:Spanisch
Veröffentlicht: Barcelona Paidós 1999
Schriftenreihe:Colección Paidós Saberes Cotidianos, 12
Schlagworte:
Tags: Tag hinzufügen
Keine Tags, Fügen Sie den ersten Tag hinzu!

MARC

LEADER 00000nam a2200000 a 4500
001 UCP4867
003 CL-VaPUC
008 990821e19990000SP |||||||||||||||||spa|d
082 0 4 |a 153.15  |b STE  |2 21 
100 0 |a Sternberg, Robert J  |e author  |9 432819 
245 1 0 |a Estilos de pensamiento: claves para identificar nuestro modo de pensar y enriquecer nuestra capacidad de reflexión 
300 |a 240 p 
942 |c BK 
945 |d 19990821 00:00:00  |a rbrito 
260 |a Barcelona  |b Paidós  |c 1999 
650 7 |a PENSAMIENTOS  |2 CL-VaPUC  |9 378316 
650 0 |a Cognición   |9 270347 
650 0 |a Inteligencia  |9 267038 
650 0 |a Memoria  |9 266549 
650 0 |a Aprendizaje   |9 254827 
583 |a last modification  |c 19990821 00:00:00  |k Rodrigo Vera 
490 0 |a Colección Paidós Saberes Cotidianos, 12 
999 |c 282761  |d 282759 
952 |0 0  |1 0  |4 0  |6 153_150000000000000_STE_1999  |7 0  |8 A  |9 325129  |a BIBEDU  |b BIBEDU  |d 2019-11-20  |i 3538877  |o 153.15 STE 1999  |p 3538877  |r 2019-11-20  |w 2019-11-20  |y BK  |k PSI 
952 |0 0  |1 0  |4 0  |6 153_150000000000000_STE_1999  |7 0  |8 A  |9 325130  |a FDOPOS  |b FDOPOS  |d 2019-11-20  |i 3681939  |o 153.15 STE 1999  |p 3681939  |r 2025-01-22  |w 2019-11-20  |y BK  |k MLA